[Event "4NCL-9899A BA2-BIG1"]
[Site "Rd5-Birmingham"]
[Date "1999.01.23"]
[Round "5.5"]
[White "Palliser, Richard"]
[Black "Hunt, Harriet"]
[Result "1/2-1/2"]
[WhiteElo "2219"]
[BlackElo "2413"]
[PlyCount "80"]
[EventDate "1999.01.23"]

1. d4 Nf6 2. c4 e6 3. Nc3 Bb4 4. Qc2 O-O 5. e4 Bxc3+ 6. bxc3 d6 7. Bd3 e5 8.
Ne2 Nbd7 9. Ng3 Re8 10. O-O c5 11. f4 Nf8 12. h3 cxd4 13. cxd4 Ne6 14. dxe5
dxe5 15. fxe5 Nd7 16. Qf2 Nxe5 17. Be2 Qc7 18. Be3 b6 19. Nf5 Bb7 20. Rad1 Rad8
21. Qg3 f6 22. Bh5 Rxd1 23. Rxd1 Rd8 24. Rxd8+ Nxd8 25. Bd4 Ne6 26. Bxe5 Qxe5
27. Qxe5 fxe5 28. Nd6 Nc5 29. Bf7+ Kf8 30. Bd5 Ba6 31. Kf2 Ke7 32. Nf5+ Kf6 33.
Ke3 Nb7 34. Kd3 h5 35. h4 g6 36. Bxb7 Bxb7 37. Nd6 Ba6 38. Nb5 g5 39. g3 gxh4
40. gxh4 Ke7 1/2-1/2

[Event "4NCL-9899A BA2-BIG1"]
[Site "Rd5-Birmingham"]
[Date "1999.01.23"]
[Round "5.6"]
[White "Collinson, Adam"]
[Black "Sands, David"]
[Result "1/2-1/2"]
[WhiteElo "2405"]
[BlackElo "2251"]
[PlyCount "45"]
[EventDate "1999.01.23"]

1. e4 c5 2. Nf3 Nc6 3. Bb5 g6 4. O-O Bg7 5. Re1 Nf6 6. c3 O-O 7. d4 d5 8. exd5
Qxd5 9. dxc5 Qxc5 10. Na3 Rd8 11. Be3 Rxd1 12. Bxc5 Rxa1 13. Rxa1 Ne4 14. Be3
Bd7 15. Rd1 Be8 16. Kf1 Nd6 17. Be2 Nf5 18. Bc1 Kf8 19. Nb5 a6 20. Nc7 Rc8 21.
Nxe8 Kxe8 22. Nd2 Bh6 23. Ne4 1/2-1/2

[Event "4NCL-9899A BA2-BIG1"]
[Site "Rd5-Birmingham"]
[Date "1999.01.23"]
[Round "5.7"]
[White "Kenworthy, Gary"]
[Black "Baker, Chris W"]
[Result "0-1"]
[WhiteElo "2275"]
[BlackElo "2390"]
[PlyCount "38"]
[EventDate "1999.01.23"]

1. e4 e6 2. d4 d5 3. Nc3 Nf6 4. Bg5 Be7 5. Bxf6 Bxf6 6. e5 Be7 7. Qg4 O-O 8.
O-O-O c5 9. dxc5 Nd7 10. Nf3 Nxc5 11. h4 f5 12. Qg3 Bd7 13. Ng5 Rc8 14. f4 Qc7
15. Rxd5 Ne4 16. Rxd7 Nxg3 17. Rxc7 Rxc7 18. Nb5 Bxg5 19. hxg5 Rc5 0-1

[Event "4NCL-9899A BA2-BIG1"]
[Site "Rd5-Birmingham"]
[Date "1999.01.23"]
[Round "5.8"]
[White "Barnes, Michael"]
[Black "Walker, Ellen"]
[Result "1-0"]
[WhiteElo "2245"]
[BlackElo "1696"]
[PlyCount "69"]
[EventDate "1999.01.23"]

1. e4 e5 2. Nf3 Nc6 3. Bb5 Bc5 4. c3 Nf6 5. O-O O-O 6. b4 Bb6 7. d3 Re8 8. Bg5
a5 9. bxa5 Bxa5 10. Qc2 Na7 11. Ba4 c6 12. Nbd2 d6 13. Nc4 Bc7 14. Ne3 Be6 15.
d4 h6 16. Bh4 Nc8 17. Rad1 Nb6 18. dxe5 Rxa4 19. exf6 g5 20. Bg3 Rxa2 21. Qb1
Qxf6 22. Bxd6 Bxd6 23. Rxd6 Qe7 24. Rxe6 Qxe6 25. Qxb6 Qxe4 26. Qxb7 Rea8 27.
Nd4 Qd3 28. Ndf5 Ra1 29. Nxh6+ Kh7 30. Qxf7+ Kh8 31. Qf6+ Kh7 32. Nhf5 Rxf1+
33. Nxf1 Ra7 34. Ne7 Ra8 35. Qf7+ 1-0

[Event "4NCL-9899A BR-BCM"]
[Site "Rd5-Birmingham"]
[Date "1999.01.23"]
[Round "5.1"]
[White "Ansell, Simon"]
[Black "Mestel, Jonathan"]
[Result "0-1"]
[WhiteElo "2400"]
[BlackElo "2485"]
[PlyCount "38"]
[EventDate "1999.01.23"]

1. e4 g6 2. d4 d6 3. Nc3 a6 4. Nf3 b5 5. a4 b4 6. Nd5 Bb7 7. Nxb4 Bxe4 8. Ng5
Bb7 9. Bc4 d5 10. Qf3 Nf6 11. Nd3 Nc6 12. Ba2 h6 13. Nc5 Bc8 14. Nh3 Nxd4 15.
Qc3 e5 16. Be3 Bd6 17. f4 Bxc5 18. Qxc5 Ne4 19. Qxd5 Nxc2+ 0-1

[Event "4NCL-9899A BR-BCM"]
[Site "Rd5-Birmingham"]
[Date "1999.01.23"]
[Round "5.2"]
[White "Richardson, John"]
[Black "Cobb, Charles"]
[Result "1-0"]
[WhiteElo "2318"]
[BlackElo "2275"]
[PlyCount "51"]
[EventDate "1999.01.23"]

1. d4 e6 2. c4 Nf6 3. Nc3 Bb4 4. e3 b6 5. Bd3 Bb7 6. Nge2 Bxg2 7. Rg1 Be4 8. a3
Bxc3+ 9. Nxc3 Bg6 10. e4 d5 11. Bg5 dxe4 12. Bxe4 c6 13. h4 Qc7 14. Bxf6 gxf6
15. Qf3 f5 16. Bc2 Qh2 17. O-O-O Qxh4 18. Rh1 Qg5+ 19. Kb1 O-O 20. d5 cxd5 21.
cxd5 Na6 22. Rdg1 Qe7 23. Qh3 Kh8 24. dxe6 Rg8 25. Nd5 Qxe6 26. Rxg6 1-0

[Event "4NCL-9899A BR-BCM"]
[Site "Rd5-Birmingham"]
[Date "1999.01.23"]
[Round "5.3"]
[White "Beaumont, Chris"]
[Black "Lyell, Mark"]
[Result "1/2-1/2"]
[WhiteElo "2398"]
[BlackElo "2221"]
[PlyCount "105"]
[EventDate "1999.01.23"]

1. Nf3 f5 2. d4 g6 3. g3 Bg7 4. Bg2 d6 5. b3 Nc6 6. Bb2 Nh6 7. Nbd2 O-O 8. O-O
e5 9. dxe5 dxe5 10. Nc4 Nf7 11. e4 Be6 12. Qe2 Qf6 13. exf5 gxf5 14. Nfxe5
Nfxe5 15. Nxe5 Nxe5 16. f4 Bc4 17. bxc4 Nf3+ 18. Bxf3 Qxb2 19. Rab1 Qxa2 20.
Rxb7 Bd4+ 21. Kh1 Rae8 22. Qd3 c5 23. Bd5+ Kh8 24. Qf3 Qxc2 25. Qh5 Bg7 26.
Rxa7 Qd3 27. Qf3 Re3 28. Qd1 Qc3 29. Qc1 Qd4 30. Rd1 Rd3 31. Rxd3 Qxd3 32. Ra3
Qd4 33. Qe3 Qd1+ 34. Kg2 Bd4 35. Rd3 Qc2+ 36. Qd2 Qxd2+ 37. Rxd2 Rb8 38. Be6
Rf8 39. Ra2 Kg7 40. Ra7+ Kf6 41. Bd5 h6 42. Ra6+ Kg7 43. Kf3 Rf6 44. Ra7+ Kg6
45. h3 Rb6 46. g4 Rb3+ 47. Kg2 Rb2+ 48. Kg3 Rb3+ 49. Bf3 Rc3 50. Ra6+ Bf6 51.
Ra4 Bd4 52. Ra6+ Bf6 53. Ra4 1/2-1/2

[Event "4NCL-9899A BR-BCM"]
[Site "Rd5-Birmingham"]
[Date "1999.01.23"]
[Round "5.4"]
[White "Cafferty, Bernard"]
[Black "Buckley, Graeme"]
[Result "0-1"]
[WhiteElo "2221"]
[BlackElo "2285"]
[PlyCount "62"]
[EventDate "1999.01.23"]

1. c4 b6 2. Nc3 Bb7 3. d4 e6 4. e3 f5 5. Qh5+ g6 6. Qe2 Nf6 7. Nh3 Bg7 8. f3 d5
9. Qc2 O-O 10. Bd2 Nbd7 11. Nf4 Qe7 12. Qb3 g5 13. Nh3 h6 14. O-O-O c5 15. Kb1
Rab8 16. Bd3 a6 17. Qa3 dxc4 18. Be2 b5 19. Qa5 cxd4 20. exd4 b4 21. Na4 c3 22.
Bc1 Rfc8 23. Ka1 Nd5 24. Rhe1 cxb2+ 25. Bxb2 Ne3 26. Rd2 Nc2+ 27. Rxc2 Rxc2 28.
Bd3 Rxb2 29. Nxb2 Qd6 30. Bc4 Qxd4 31. Rb1 Qxc4 0-1

[Event "4NCL-9899A BR-BCM"]
[Site "Rd5-Birmingham"]
[Date "1999.01.23"]
[Round "5.5"]
[White "Moskovic, David"]
[Black "Friedgood, David"]
[Result "1/2-1/2"]
[WhiteElo "2248"]
[BlackElo "2240"]
[PlyCount "112"]
[EventDate "1999.01.23"]

1. e4 c5 2. Nf3 Nc6 3. d4 cxd4 4. Nxd4 e5 5. Nb5 d6 6. N1c3 a6 7. Na3 Be7 8.
Nc4 b5 9. Ne3 Nf6 10. Bd3 Nb4 11. a4 bxa4 12. Rxa4 Rb8 13. Bc4 Bd7 14. Ra1 O-O
15. O-O Be6 16. Qe2 Bxc4 17. Qxc4 Qc8 18. Qe2 g6 19. Rd1 Rb6 20. Ncd5 Nbxd5 21.
Nxd5 Nxd5 22. Rxd5 Rc6 23. c3 Qb7 24. Rda5 Ra8 25. Bh6 Bd8 26. R5a3 Qc8 27. Qd3
Rb8 28. b4 Rb5 29. Bd2 Be7 30. Ra5 Rxa5 31. Rxa5 Rc4 32. Qd5 Kg7 33. h3 Qc6 34.
Qxc6 Rxc6 35. f3 Bd8 36. Rd5 Bb6+ 37. Kf1 Kf6 38. Ke2 Ke6 39. Kd3 f5 40. c4
fxe4+ 41. fxe4 Rc7 42. Bc3 Rf7 43. c5 dxc5 44. bxc5 Bc7 45. c6 Rf1 46. Kc4 Rc1
47. Kb3 Rb1+ 48. Bb2 Bb6 49. Kc2 Re1 50. Rxe5+ Kd6 51. Re8 Re2+ 52. Kb3 Kxc6
53. Re7 Rxg2 54. Rxh7 a5 55. Be5 Re2 56. Rh6 Re3+ 1/2-1/2

[Event "4NCL-9899A BR-BCM"]
[Site "Rd5-Birmingham"]
[Date "1999.01.23"]
[Round "5.6"]
[White "Harari, Zaki"]
[Black "Collier, David"]
[Result "1-0"]
[WhiteElo "2235"]
[BlackElo "2245"]
[PlyCount "69"]
[EventDate "1999.01.23"]

1. e4 c5 2. Nf3 d6 3. d4 cxd4 4. Qxd4 Nc6 5. Bb5 Bd7 6. Bxc6 Bxc6 7. Nc3 Nf6 8.
Bg5 e6 9. O-O-O Be7 10. Rhe1 h6 11. Bh4 e5 12. Qd3 g5 13. Bg3 Qa5 14. Nd2 b5
15. Nb3 Qb6 16. Qe2 b4 17. Nd5 Nxd5 18. exd5 Bd7 19. Bxe5 dxe5 20. Qxe5 O-O-O
21. Qxe7 Qxf2 22. Re4 Rhe8 23. Rc4+ Kb8 24. Qxb4+ Ka8 25. Nd4 Rb8 26. Qa5 Rb7
27. Qd2 Qf6 28. Nb3 Bb5 29. Qc3 Qf5 30. Rc5 Be2 31. Re1 Qf2 32. Rc8+ Rxc8 33.
Qxc8+ Rb8 34. Qc6+ Rb7 35. Qe8+ 1-0

[Event "4NCL-9899A BR-BCM"]
[Site "Rd5-Birmingham"]
[Date "1999.01.23"]
[Round "5.7"]
[White "McFarland, Robert"]
[Black "Anderton, David"]
[Result "1/2-1/2"]
[WhiteElo "2257"]
[BlackElo "2205"]
[PlyCount "64"]
[EventDate "1999.01.23"]

1. Nf3 f5 2. g3 Nf6 3. Bg2 g6 4. b3 Bg7 5. Bb2 d6 6. d4 O-O 7. O-O Qe8 8. Nbd2
c6 9. Re1 Na6 10. h3 h6 11. a3 g5 12. e4 fxe4 13. Nxe4 Nxe4 14. Rxe4 Bf5 15.
Re3 Bf6 16. c4 Qg6 17. g4 Bd7 18. Ne5 Qe8 19. Nxd7 Qxd7 20. Qc2 e5 21. dxe5
dxe5 22. Bxe5 Bxe5 23. Rxe5 Rf6 24. Rae1 Rd8 25. Re7 Qd3 26. Qxd3 Rxd3 27. Rxb7
Nc5 28. Rxa7 Rxb3 29. Bxc6 Rb8 30. Ree7 Rxc6 31. Rg7+ Kf8 32. Rh7 Kg8 1/2-1/2

[Event "4NCL-9899A BR-BCM"]
[Site "Rd5-Birmingham"]
[Date "1999.01.23"]
[Round "5.8"]
[White "Milligan, Helen"]
[Black "Buckley, Melanie"]
[Result "1/2-1/2"]
[WhiteElo "2054"]
[BlackElo "2005"]
[PlyCount "64"]
[EventDate "1999.01.23"]

1. d4 e6 2. e4 d5 3. e5 c5 4. c3 Nc6 5. Nf3 Qb6 6. a3 c4 7. Nbd2 Na5 8. Be2 Bd7
9. O-O Ne7 10. Qc2 Nc8 11. Bd1 Qc7 12. Re1 Nb6 13. Qb1 Be7 14. Nf1 h6 15. Ne3
O-O-O 16. Bd2 Kb8 17. Bc2 Rc8 18. Qd1 h5 19. Nf1 Qd8 20. Qc1 Ba4 21. Bxa4 Nxa4
22. Qc2 Nb3 23. Rad1 Rc6 24. Be3 Rb6 25. Rb1 Qd7 26. Bg5 Bxg5 27. Nxg5 Qe7 28.
f4 Qd7 29. Ne3 g6 30. Rf1 Rc6 31. Rbe1 Rcc8 32. Rf2 Nb6 1/2-1/2

[Event "4NCL-9899A IK-HH"]
[Site "Rd5-Birmingham"]
[Date "1999.01.23"]
[Round "5.1"]
[White "Sadler, Matthew"]
[Black "Hodgson, Julian"]
[Result "0-1"]
[WhiteElo "2668"]
[BlackElo "2565"]
[PlyCount "66"]
[EventDate "1999.01.23"]

1. d4 d6 2. e4 Nf6 3. f3 Nc6 4. Be3 e5 5. d5 Ne7 6. c4 Ng6 7. Nc3 Be7 8. g3 Nh5
9. Bd3 O-O 10. Bf2 Nh8 11. f4 g6 12. f5 Ng7 13. Qf3 h5 14. h4 Bd7 15. Nge2 Qc8
16. g4 hxg4 17. Qxg4 gxf5 18. Qg2 fxe4 19. Nxe4 f5 20. h5 Kh7 21. O-O-O fxe4
22. Rdg1 Nf5 23. Bxe4 Rg8 24. Ng3 Bg5+ 25. Kb1 Kh6 26. Qf3 Nxg3 27. Rxg3 Qf8
28. Qg2 Bf5 29. Bxf5 Qxf5+ 30. Ka1 Rg7 31. Be3 Rag8 32. Rg1 Nf7 33. a3 Kh7 0-1

[Event "4NCL-9899A IK-HH"]
[Site "Rd5-Birmingham"]
[Date "1999.01.23"]
[Round "5.3"]
[White "Ledger, Andrew"]
[Black "Gallagher, Joe"]
[Result "1/2-1/2"]
[WhiteElo "2459"]
[BlackElo "2519"]
[PlyCount "109"]
[EventDate "1999.01.23"]

1. e4 c5 2. Nc3 Nc6 3. g3 d6 4. Bg2 g6 5. d3 Bg7 6. Be3 e6 7. Qd2 Qa5 8. Nf3
Nd4 9. Nh4 Ne7 10. O-O O-O 11. f4 f5 12. Nd5 Qd8 13. Nxe7+ Qxe7 14. c3 Nc6 15.
Rae1 Bd7 16. d4 cxd4 17. cxd4 fxe4 18. Bxe4 d5 19. Bb1 Qb4 20. Qxb4 Nxb4 21. a3
Nc6 22. Nf3 Rac8 23. Kg2 Na5 24. h4 Nc4 25. Bc1 Nd6 26. Bd2 Ne4 27. Bb4 Rfe8
28. Rd1 Ba4 29. Rc1 b6 30. h5 gxh5 31. Rh1 Rxc1 32. Rxc1 a5 33. Be1 Bf8 34. Ne5
Bd6 35. Kf3 Nf6 36. b4 Ra8 37. Bd3 Be8 38. bxa5 bxa5 39. a4 Bxa4 40. Ra1 Bb3
41. Rxa5 Bd1+ 42. Ke3 Rxa5 43. Bxa5 Kg7 44. f5 exf5 45. Bxf5 Bg4 46. Kf4 Nd7
47. Bxg4 hxg4 48. Kf5 Nf6 49. Nxg4 Nxg4 50. Kxg4 Kg6 51. Kf3 h5 52. Bd2 Kf5 53.
Be3 Be7 54. Bf2 Bg5 55. Be1 1/2-1/2

[Event "4NCL-9899A IK-HH"]
[Site "Rd5-Birmingham"]
[Date "1999.01.23"]
[Round "5.4"]
[White "Hennigan, Michael"]
[Black "Flear, Glenn"]
[Result "1-0"]
[WhiteElo "2430"]
[BlackElo "2484"]
[PlyCount "73"]
[EventDate "1999.01.23"]

1. e4 e5 2. Nf3 Nc6 3. d4 exd4 4. Nxd4 Bc5 5. Nxc6 Qf6 6. Qd2 dxc6 7. Nc3 Ne7
8. Na4 Bd6 9. f4 O-O 10. Bd3 Re8 11. Qf2 Ng6 12. O-O b5 13. Nc3 Qe7 14. Be3 Bb4
15. a4 Bxc3 16. bxc3 bxa4 17. Rxa4 a6 18. Bc5 Qd8 19. Rd4 Bd7 20. Qg3 Qc8 21.
f5 Ne5 22. f6 g6 23. Qf4 Kh8 24. Be7 Nxd3 25. cxd3 Rg8 26. Qg5 Bg4 27. e5 Bh5
28. Qh6 Qe6 29. Re1 c5 30. Rd8 Raxd8 31. Bxd8 Qc8 32. Be7 Qb8 33. e6 Qe8 34.
Rf1 Bg4 35. Rf4 Qb5 36. exf7 Qb1+ 37. Rf1 1-0

[Event "4NCL-9899A IK-HH"]
[Site "Rd5-Birmingham"]
[Date "1999.01.23"]
[Round "5.5"]
[White "Gormally, Danny"]
[Black "Tozer, Richard"]
[Result "1-0"]
[WhiteElo "2456"]
[BlackElo "2305"]
[PlyCount "73"]
[EventDate "1999.01.23"]

1. d4 f5 2. Nf3 Nf6 3. g3 g6 4. Bg2 Bg7 5. O-O O-O 6. b3 d6 7. Bb2 c6 8. c4 Qe8
9. Nc3 e5 10. dxe5 dxe5 11. e4 f4 12. Qd6 Ng4 13. h3 Nh6 14. Rad1 Nd7 15. Ba3
Rf6 16. Qc7 Nf7 17. Rd2 Bf8 18. Bxf8 Nxf8 19. Qa5 g5 20. Na4 g4 21. hxg4 Bxg4
22. Nh2 Qc8 23. Qc3 Ng6 24. Nc5 Ng5 25. Nxb7 Rf8 26. Nd6 Qe6 27. f3 Bh3 28. g4
a5 29. Nf5 Rfd8 30. Rfd1 Qe8 31. Qxa5 Rxd2 32. Qxd2 Bxg2 33. Kxg2 Qb8 34. Kh1
Qa7 35. Qd6 Rf8 36. Qd7 Ra8 37. Qxc6 1-0

[Event "4NCL-9899A IK-HH"]
[Site "Rd5-Birmingham"]
[Date "1999.01.23"]
[Round "5.6"]
[White "Mortazavi, Ali"]
[Black "McDonald, Neil"]
[Result "0-1"]
[WhiteElo "2380"]
[BlackElo "2454"]
[PlyCount "130"]
[EventDate "1999.01.23"]

1. g3 d5 2. Bg2 Nf6 3. Nf3 c6 4. O-O Bg4 5. d3 Nbd7 6. c4 Bxf3 7. Bxf3 dxc4 8.
dxc4 Ne5 9. Qb3 Nxf3+ 10. Qxf3 e6 11. Nc3 Be7 12. Rd1 Qc7 13. Be3 O-O 14. Ne4
Rfd8 15. Bd4 e5 16. Bc3 Nd7 17. b3 Nf8 18. e3 f6 19. Kg2 Rxd1 20. Rxd1 Rd8 21.
Bb2 Rxd1 22. Qxd1 f5 23. Nc3 e4 24. g4 Bf6 25. gxf5 Qe5 26. Qc2 Qxf5 27. Ba3
Bxc3 28. Qxc3 Ne6 29. Bb2 Kf7 30. b4 h5 31. Qe5 Qf3+ 32. Kf1 h4 33. Qd6 Qg4 34.
Ke1 Kg6 35. Qe5 h3 36. Qb8 Ng5 37. Kd2 Nf3+ 38. Kc2 Qd7 39. Bc3 b5 40. c5 a6
41. Kb2 Ng5 42. Qe5 Kh5 43. Ka3 Qf7 44. Bd4 g6 45. Qh8+ Kg4 46. Bf6 Qd5 47.
Bxg5 Kxg5 48. Qe8 Qd3+ 49. Kb2 Qd2+ 50. Kb3 Qxf2 51. Qe7+ Kh5 52. Qh7+ Kg4 53.
Qxg6+ Kf3 54. Qxc6 Qxe3+ 55. Kb2 Qd4+ 56. Kc2 Qc4+ 57. Kd1 Qd3+ 58. Kc1 Qc3+
59. Kd1 Qa1+ 60. Kd2 Qxa2+ 61. Kc1 Qxh2 62. Qd5 Qg1+ 63. Kc2 Qf2+ 64. Kd1 Qe2+
65. Kc1 Qc4+ 0-1

[Event "4NCL-9899A IK-HH"]
[Site "Rd5-Birmingham"]
[Date "1999.01.23"]
[Round "5.7"]
[White "Farndon, David"]
[Black "Hassabis, Demis"]
[Result "0-1"]
[WhiteElo "2263"]
[BlackElo "2176"]
[PlyCount "102"]
[EventDate "1999.01.23"]

1. Nf3 d5 2. c4 e6 3. d4 c6 4. Qc2 Nf6 5. g3 Be7 6. Bg2 O-O 7. O-O b6 8. b3 Bb7
9. Rd1 Nbd7 10. Nc3 Rc8 11. e4 dxe4 12. Nxe4 c5 13. Nxf6+ Bxf6 14. Ng5 Bxg5 15.
Bxb7 Rc7 16. Bg2 cxd4 17. Bxg5 Qxg5 18. Rxd4 Qc5 19. Rad1 Nf6 20. Qd2 h6 {
(Draw offer)} 21. h3 Re8 22. Rd6 Nd5 23. Rxd5 exd5 24. Bxd5 Qe7 25. b4 Qe2 26.
Kg2 Qxd2 27. Rxd2 Re1 28. Rd3 Re2 29. Ra3 Rb2 30. b5 Rc2 31. h4 g6 32. g4 Kf8
33. g5 Kg7 34. Kg3 Re7 35. Kf3 f6 36. gxh6+ Kxh6 37. Kg3 Rc1 38. Rf3 f5 39. Ra3
Rg1+ 40. Kh3 Kg7 41. Kh2 Rg4 42. Kh3 Kf6 43. f3 Rd4 44. Kg3 Rh7 45. f4 Re7 46.
Kf3 Rd1 47. Kf2 Rd2+ 48. Kf3 Rc2 49. Bg8 Rc1 50. Bd5 Rf1+ 51. Kg3 Rg1+ 0-1

[Event "4NCL-9899A IK-HH"]
[Site "Rd5-Birmingham"]
[Date "1999.01.23"]
[Round "5.8"]
[White "Hennigan, Rita"]
[Black "Flear, Christine"]
[Result "0-1"]
[WhiteElo "2215"]
[BlackElo "2230"]
[PlyCount "74"]
[EventDate "1999.01.23"]

1. d4 d5 2. Nf3 Nf6 3. Bf4 c5 4. e3 Nc6 5. c3 e6 6. Bd3 Bd6 7. Bg3 O-O 8. Nbd2
Re8 9. Ne5 Bxe5 10. dxe5 Nd7 11. Nf3 h6 12. Bc2 Qb6 13. Qd3 Nf8 14. b3 Bd7 15.
O-O Rac8 16. Nd2 Ne7 17. f4 Bb5 18. c4 Ba6 19. Qe2 Rcd8 20. Bh4 Qc7 21. Qg4 Rd7
22. Rf3 Neg6 23. Rg3 dxc4 24. Nxc4 Bxc4 25. bxc4 Rd2 26. Rc1 Qa5 27. Bb1 Qa3
28. Rf1 Qb2 29. Be4 Qxa2 30. f5 exf5 31. Bxf5 Rxe5 32. Bxg6 Nxg6 33. Qc8+ Kh7
34. Rxf7 Rd1+ 35. Rf1 Rxf1+ 36. Kxf1 Qxc4+ 37. Kf2 Qxh4 0-1

[Event "4NCL-9899A RIC-SL"]
[Site "Rd5-Birmingham"]
[Date "1999.01.23"]
[Round "5.1"]
[White "Bates, Richard"]
[Black "Lalic, Bogdan"]
[Result "0-1"]
[WhiteElo "2373"]
[BlackElo "2560"]
[PlyCount "62"]
[EventDate "1999.01.23"]

1. d4 d5 2. Nf3 Nf6 3. g3 Bg4 4. Bg2 e6 5. O-O Nbd7 6. Nbd2 Be7 7. Re1 c5 8. c4
O-O 9. cxd5 Nxd5 10. Nc4 Rc8 11. Nfe5 Nxe5 12. Nxe5 Bh5 13. g4 f6 14. e4 Nb6
15. gxh5 fxe5 16. dxe5 Bh4 17. Be3 Nc4 18. Qxd8 Rfxd8 19. Re2 Nxe5 20. f4 Nc4
21. Bf2 Bxf2+ 22. Kxf2 Rd4 23. b3 Nd6 24. Rc1 b6 25. Ke3 Rd8 26. Rcc2 Nf7 27.
e5 Rd3+ 28. Kf2 Nh6 29. Be4 Ng4+ 30. Kg1 Re3 31. Rxe3 Rd1+ 0-1

[Event "4NCL-9899A RIC-SL"]
[Site "Rd5-Birmingham"]
[Date "1999.01.23"]
[Round "5.3"]
[White "Williams, Simon"]
[Black "Hebden, Mark"]
[Result "1-0"]
[WhiteElo "2371"]
[BlackElo "2590"]
[PlyCount "79"]
[EventDate "1999.01.23"]

1. c4 g6 2. Nc3 Bg7 3. g3 Nf6 4. Bg2 O-O 5. e4 c5 6. d3 Nc6 7. Nge2 Rb8 8. O-O
a6 9. f4 d6 10. Rb1 Ne8 11. Be3 b5 12. d4 b4 13. Na4 cxd4 14. Nxd4 Nxd4 15.
Bxd4 Bg4 16. Qd2 Bd7 17. b3 Bxa4 18. bxa4 Qa5 19. e5 dxe5 20. Ba7 Nd6 21. c5
Nc4 22. Qf2 Rbd8 23. Rbc1 Rd2 24. Qe1 Qxa4 25. Rf2 Qd7 26. Rxd2 Nxd2 27. Bb6
Qd4+ 28. Qf2 e4 29. c6 Qxf2+ 30. Kxf2 Bc3 31. Rd1 Nc4 32. Bd8 e5 33. c7 Nb6 34.
Bxe4 Bd4+ 35. Kg2 a5 36. Bb7 f6 37. Rc1 Bc3 38. Be7 Re8 39. Bc5 Nc8 40. Bc6 1-0

[Event "4NCL-9899A RIC-SL"]
[Site "Rd5-Birmingham"]
[Date "1999.01.23"]
[Round "5.5"]
[White "Johnstone, Paul"]
[Black "Kosten, Anthony"]
[Result "0-1"]
[WhiteElo "2300"]
[BlackElo "2502"]
[PlyCount "42"]
[EventDate "1999.01.23"]

1. c4 e5 2. Nc3 Nf6 3. e3 Bb4 4. Nge2 O-O 5. a3 Bxc3 6. Nxc3 d5 7. cxd5 Nxd5 8.
Qc2 Nc6 9. Bd3 Kh8 10. Nxd5 Qxd5 11. O-O f5 12. b4 Be6 13. b5 Na5 14. e4 fxe4
15. Bxe4 Qxb5 16. Bxh7 Rad8 17. Rb1 Bb3 18. Rxb3 Nxb3 19. Be4 Nd4 20. Qd1 Qe2
21. Bxb7 Rb8 0-1

[Event "4NCL-9899A RIC-SL"]
[Site "Rd5-Birmingham"]
[Date "1999.01.23"]
[Round "5.7"]
[White "Allicock, Rawle"]
[Black "Turner, Matthew"]
[Result "0-1"]
[WhiteElo "2232"]
[BlackElo "2475"]
[PlyCount "46"]
[EventDate "1999.01.23"]

1. e4 c5 2. Nf3 Nc6 3. d4 cxd4 4. Nxd4 g6 5. c4 Bg7 6. Be3 Nf6 7. Nc3 Ng4 8.
Qxg4 Nxd4 9. Qd1 e5 10. Bd3 O-O 11. O-O d6 12. Kh1 Be6 13. Qa4 Qb6 14. Ne2 Qc6
15. Qd1 Bxc4 16. Rc1 Bxd3 17. Qxd3 Qb5 18. Qxb5 Nxb5 19. Rc4 Rfc8 20. Rfc1 Rxc4
21. Rxc4 Nd4 22. Nxd4 exd4 23. Bxd4 b5 0-1

[Event "4NCL-9899A RIC-SL"]
[Site "Rd5-Birmingham"]
[Date "1999.01.23"]
[Round "5.8"]
[White "Lalic, Susan"]
[Black "Wilson, Alexandra"]
[Result "1-0"]
[WhiteElo "2350"]
[BlackElo "1392"]
[PlyCount "61"]
[EventDate "1999.01.23"]

1. e4 c5 2. Nc3 Nc6 3. Bb5 Nd4 4. Bc4 g6 5. Nce2 b5 6. Bd5 Rb8 7. Nxd4 cxd4 8.
Bb3 Bg7 9. d3 e6 10. f4 Ne7 11. Nf3 d5 12. e5 f6 13. O-O Nc6 14. Qe2 O-O 15.
Bd2 Bd7 16. Rae1 Rc8 17. exf6 Bxf6 18. Ne5 Nxe5 19. fxe5 Bg7 20. Rxf8+ Qxf8 21.
a3 Qd8 22. Qg4 Qb6 23. Bb4 a5 24. Bd6 a4 25. Bxd5 Re8 26. Rf1 Bf8 27. Be4 Bg7
28. Bxg6 hxg6 29. Qxg6 Kh8 30. Rf7 Rg8 31. Qh5+ 1-0

[Event "4NCL-9899A WG-WES"]
[Site "Rd5-Birmingham"]
[Date "1999.01.23"]
[Round "5.1"]
[White "Emms, John"]
[Black "Rossiter, Philip"]
[Result "1-0"]
[WhiteElo "2585"]
[BlackElo "2368"]
[PlyCount "115"]
[EventDate "1999.01.23"]

1. e4 c5 2. Nf3 e6 3. c3 d5 4. exd5 exd5 5. d4 Nc6 6. Bb5 Bd6 7. O-O Nge7 8.
dxc5 Bxc5 9. Nbd2 O-O 10. Nb3 Bd6 11. Bd3 h6 12. h3 Bc7 13. Re1 Qd6 14. Be3 Re8
15. Nbd4 a6 16. Nxc6 Qxc6 17. Bd4 Be6 18. Qc2 Qd7 19. Be5 Nc6 20. Bxc7 Qxc7 21.
Re2 Bd7 22. Rae1 Rxe2 23. Qxe2 Qf4 24. Bc2 Rd8 25. Rd1 Be6 26. Bb3 Qf6 27. Nd4
Nxd4 28. Rxd4 Qg5 29. h4 Qf6 30. Qd2 Re8 31. a3 Qe5 32. Bxd5 Bxd5 33. Rxd5 Qe1+
34. Kh2 Qxd2 35. Rxd2 Re1 36. Rd6 Re2 37. Rb6 Re7 38. h5 Kf8 39. g4 Ke8 40. Kg3
Kd8 41. Rb4 Kc7 42. Kf3 b5 43. Re4 Rd7 44. Re8 f6 45. Rg8 a5 46. Ke4 Rd2 47. f4
Rxb2 48. Rxg7+ Kd6 49. Rg6 Ke7 50. Rxh6 Rb3 51. Rh7+ Kf8 52. Rc7 Rxa3 53. h6
Kg8 54. Kf5 b4 55. cxb4 axb4 56. Kg6 Rc3 57. Rb7 Rc8 58. Rxb4 1-0

[Event "4NCL-9899A WG-WES"]
[Site "Rd5-Birmingham"]
[Date "1999.01.23"]
[Round "5.3"]
[White "Ward, Chris"]
[Black "Corkett, Anthony"]
[Result "1-0"]
[WhiteElo "2482"]
[BlackElo "2255"]
[PlyCount "101"]
[EventDate "1999.01.23"]

1. d4 g6 2. e4 c5 3. d5 Bg7 4. c4 d6 5. Nc3 a6 6. h3 Nf6 7. a4 O-O 8. Nf3 e5 9.
g4 h5 10. g5 Nh7 11. Be3 Nd7 12. Rg1 Rb8 13. Qd2 Qa5 14. Nd1 Qc7 15. Rb1 Re8
16. b3 Nhf8 17. Bd3 Nb6 18. Rh1 Bd7 19. Kf1 Qc8 20. Kg2 Na8 21. Nc3 b6 22. b4
Nh7 23. bxc5 bxc5 24. Rxb8 Qxb8 25. Rb1 Qc8 26. Ng1 f6 27. gxf6 Bxf6 28. a5 Rf8
29. Bc2 g5 30. Na4 Bxa4 31. Bxa4 g4 32. Bd1 Kh8 33. hxg4 hxg4 34. Ne2 Bh4 35.
Ng3 Bxg3 36. fxg3 Nc7 37. Bh6 Rg8 38. Ba4 Ne8 39. Rh1 Nef6 40. Bc2 Qe8 41. Bg5
Qg6 {(Draw offer)} 42. Bh4 Rb8 43. Rb1 Rxb1 44. Bxb1 Kg7 45. Bc2 Qh6 46. Qxh6+
Kxh6 47. Ba4 Nxe4 48. Bb5 Nd2 49. Bxa6 Nb3 50. Bd8 Ng5 51. Bc8 1-0

[Event "4NCL-9899A WG-WES"]
[Site "Rd5-Birmingham"]
[Date "1999.01.23"]
[Round "5.4"]
[White "Yeo, Michael"]
[Black "Levitt, Jon"]
[Result "1-0"]
[WhiteElo "2205"]
[BlackElo "2427"]
[PlyCount "69"]
[EventDate "1999.01.23"]

1. e4 e6 2. d4 d5 3. Nc3 Bb4 4. a3 Bxc3+ 5. bxc3 dxe4 6. Qg4 Nf6 7. Qxg7 Rg8 8.
Qh6 c5 9. Ne2 Nbd7 10. Bg5 cxd4 11. cxd4 Qa5+ 12. Bd2 Qf5 13. Ng3 Qg6 14. Qxg6
Rxg6 15. Be2 b6 16. f4 Bb7 17. f5 Rg8 18. fxe6 fxe6 19. O-O O-O-O 20. Bc4 Rde8
21. Rf4 Rg6 22. Raf1 Bc6 23. Bb3 Kc7 24. c4 e3 25. Bxe3 Nh5 26. Rf7 Nxg3 27.
Bf4+ Kc8 28. Bxg3 h5 29. d5 exd5 30. cxd5 Bb5 31. Rc1+ Nc5 32. Bc2 Rg5 33. Bf5+
Rxf5 34. Rxf5 Re3 35. Bf2 1-0

[Event "4NCL-9899A WG-WES"]
[Site "Rd5-Birmingham"]
[Date "1999.01.23"]
[Round "5.5"]
[White "Pein, Malcolm"]
[Black "Neil, David"]
[Result "1/2-1/2"]
[WhiteElo "2425"]
[BlackElo "2260"]
[PlyCount "97"]
[EventDate "1999.01.23"]

1. d4 Nf6 2. Nf3 g6 3. c4 Bg7 4. Nc3 d6 5. Bg5 h6 6. Bh4 O-O 7. e3 c6 8. Bd3
Qa5 9. O-O e5 10. dxe5 dxe5 11. Qc2 Nbd7 12. a3 Re8 13. Nd2 Nf8 14. Rad1 Bg4
15. f3 Be6 16. Nde4 Nxe4 17. Nxe4 g5 18. Be1 Qc7 19. Bb4 Red8 20. Bd6 Qc8 21.
Be7 Rd7 22. Nf6+ Bxf6 23. Bxf6 Qe8 24. Qc3 Rxd3 25. Rxd3 Nd7 26. Rxd7 Qxd7 27.
Bxe5 f5 28. c5 Re8 29. Bd4 Bd5 30. Qc2 Qe6 31. b4 a6 32. Re1 Re7 33. Qf2 Qg6
34. Qg3 Kh7 35. Qd6 Qf7 36. Qb8 Qe8 37. Qg3 Qg6 38. Qf2 Re8 39. Ba1 g4 40. f4
Qe6 41. Be5 Qe7 42. Rd1 h5 43. Kf1 Rg8 44. Ke2 Rg6 45. Kd2 h4 46. Kc3 Kh6 47.
g3 h3 48. Qc2 Qf7 49. Kb2 1/2-1/2